Fachbegriffe der deutschen Sprache - Statistiken

Allgemein
  • Dieses Quiz wurde 11.392 mal gespielt
    11.311 seit der letzten Aktualisierung
  • Das Durchschnittsergebnis liegt bei 22 aus 38
Antwortstatistiken
Kategorie Begriff % Korrekt
Kasus Akkusativ
94%
Kasus Dativ
94%
Kasus Genitiv
92%
Wortart Nomen
91%
Wortart Verb
90%
Kasus Nominativ
89%
Wortart Adjektiv
88%
Tempus Präsens
83%
Tempus Perfekt
80%
Tempus Plusquamperfekt
78%
Tempus Präteritum
77%
Genus Maskulinum
73%
Genus Femininum
72%
Tempus Futur 2
71%
Tempus Futur 1
70%
Satzglied Objekt
68%
Satzglied Subjekt
68%
Wortart Adverb
61%
Genus Neutrum
61%
Steigerungsform Superlativ
59%
Satzglied Prädikat
57%
Versfuß Jambus
55%
Wortart Pronomen
49%
Numerus Plural
48%
Numerus Singular
48%
Literaturgattung Lyrik
47%
Versfuß Trochäus
45%
Wortart Artikel
42%
Versfuß Daktylus
39%
Literaturgattung Epik
38%
Wortart Präposition
38%
Versfuß Anapäst
31%
Literaturgattung Dramatik
28%
Steigerungsform Komparativ
27%
Wortart Konjunktion
27%
Steigerungsform Positiv
15%
Wortart Numeral
8%
Wortart Interjektion
7%
Keine übereinstimmenden Quizze gefunden
Verteilung der Resultate
Anzahl Personen mit jedem Resultat
Perzentil nach korrekt beantworteten Fragen
Ihre Resultats-Entwicklung
Sie haben dieses Quiz seit der letzten Aktualisierung nicht gespielt